الموضوعات : (رقم التسجيلة. 86266)

تفاصيل مارك
000 -LEADER
fixed length control field 00642nam a22001937a 4500
005 - DATE AND TIME OF LATEST TRANSACTION
control field 20251108172711.0
008 - FIXED-LENGTH DATA ELEMENTS--GENERAL INFORMATION
fixed length control field 250721s2003 xx 000 0 ara d
082 14 - DEWEY DECIMAL CLASSIFICATION NUMBER
Classification number م/213.63/جوز
100 1# - MAIN ENTRY--PERSONAL NAME
Personal name إبن الجوزي، أبو الفرج عبد الرحمن بن علي
Relator term مؤلف
245 10 - TITLE STATEMENT
Title الموضوعات :
Remainder of title دراسة وتحقيقا وترجمه /
250 ## - EDITION STATEMENT
Edition statement ط3.
264 1# - PRODUCTION, PUBLICATION, DISTRIBUTION, MANUFACTURE, AND COPYRIGHT NOTICE
Place of production, publication, distribution, manufacture أبو ظبي :
Name of producer, publisher, distributor, manufacturer مؤسسة النداء،
Date of production, publication, distribution, manufacture, or copyright notice 2003.
300 ## - PHYSICAL DESCRIPTION
Extent 4مج
650 17 - SUBJECT ADDED ENTRY--TOPICAL TERM
Topical term or geographic name as entry element علوم الحديث
650 17 - SUBJECT ADDED ENTRY--TOPICAL TERM
Topical term or geographic name as entry element الحديث الموضوع
700 1# - ADDED ENTRY--PERSONAL NAME
Personal name القيسية، محمود
Relator term محقق
942 ## - ADDED ENTRY ELEMENTS (KOHA)
Source of classification or shelving scheme Dewey Decimal Classification
Koha item type مراجع
المقتنيات
حالة السحب حالة الفقدان مصدر التصنيف حالة التلف غير قابل للإعارة المكتبة الرئيسية المكتبة الحالية موقع الرف تاريخ التزويد الرقم المتسلسل Total Checkouts رقم الإستدعاء الباركود تاريخ آخر ظهور تاريخ الفاتورة نوع المادة (كوها)
    Dewey Decimal Classification     المكتبة المركزية المكتبة المركزية مقتنيات قسم التزويد 28/07/2025 1653212   م/213.63/جوز   28/07/2025 28/07/2025 مراجع
    Dewey Decimal Classification   Not For Loan مكتبة الأميرة ايمان العامة مكتبة الأميرة ايمان العامة مراجع 08/10/2013 [611927]   م/213.63/جوز PLD00282719 28/07/2025 08/10/2013 مراجع
    Dewey Decimal Classification   Not For Loan مكتبة منتدى الرواد مكتبة منتدى الرواد مراجع 01/01/2018 1653003   م/213.63/جوز PLD00414804 28/07/2025 01/01/2018 مراجع
    Dewey Decimal Classification   Not For Loan مكتبة منتدى الرواد مكتبة منتدى الرواد مراجع 04/01/2018 1652955   م/213.63/جوز PLD00415152 28/07/2025 04/01/2018 مراجع
    Dewey Decimal Classification   Not For Loan مكتبة منتدى الرواد مكتبة منتدى الرواد مراجع 04/01/2018 1652956   م/213.63/جوز PLD00415153 28/07/2025 04/01/2018 مراجع
    Dewey Decimal Classification   Not For Loan مكتبة منتدى الرواد مكتبة منتدى الرواد مراجع 04/01/2018 1652957   م/213.63/جوز PLD00415154 28/07/2025 04/01/2018 مراجع
Implemented & Customized by: BBB with SCIT (Smart Chains for Information Technology)

Powered by Koha